Регионална библиотека "Любен Каравелов" - Русе

Изповеди на стария прокурор (Запис номер 165592)

MARC детайли
000 -Лидер
Контролно поле с фиксирана дължина 01453nam a2200313 c 4500
003 - Код на организацията, давaща контролен номер
Контролно поле BLK
005 - Дата и час на последна редакция
Контролно поле 20180420234943.0
008 - Елементи от данни с фиксирана дължина
fixed length control field 180410b bul|||||r ||||||| ||bul||
010 ## - Наследен системен номер
LC control number KNG00173212000
040 ## - Източник на каталожния запис
Идентификатор на билиотеката - собственик на записа BLK
041 ## - Код за език
Код за езика на текст/звукозапис или на отделно заглавие Български
Код за езика КДБФ Български
080 ## - УДК
Текстов определител УДК Специална част на наказателното право. Видове наказуеми действия - Срещу собствена или чужда държава и управлението, политически престъпления,геноцид(прав.аспекти), наркотрафик, против мира, обществен
УДК код - определител по УДК 343.3/.7
УДК определител (497.2)(093)
УДК - код + определител 343.3/.7(497.2)(093)
080 ## - УДК
Текстов определител УДК Българска литература
УДК код - определител по УДК 821.163.2
УДК определител -32
УДК - код + определител 821.163.2-32
100 1# - Редна дума - Автор
Автор Здравков, Петко
Авторска отговорност първи автор
R(LIN) 334645
139 ## - Редно поле
Редна дума Здравков, Петко
Авторски знак
245 10 - Сведения за заглавието
Заглавие Изповеди на стария прокурор
Редно поле (дума) Петко Здравков.
257 ## - Страна на издаване
Страна на създаване/издаване България
260 ## - Област на издателските данни
-- София
Име на издателя, разпространителя и проч. ОФ
Година на издаване 1980
300 ## - Физическа характеристика
Страници 392 с.
Размери/Мащаб 16 см
380 ## - Жанр
Жанр Обществени науки
490 1# - СЕРИИ (Колекции)
Име на серия Човек и закон
500 ## - Общи забележки
Забележка 30 200 тир.
650 #4 - Допълнително описание по предмет – тема
Основно описание – тема или топоним Престъпления и престъпници
9 (RLIN) 271124
852 ## - Местоположение
Форматна сигнатура Цб I 18201
856 4# - Електронен адрес и достъп
Електронен формат pdf - файл
Път до файла /url/
856 4# - Електронен адрес и достъп
Електронен формат pdf - файл
Път до файла /url/
942 ## - АРТИКУЛИ
Вид на библиотечния материал Книги
Скрит в OPAC Не
944 ## - СЪЗДАВАНЕ И РЕДАКЦИЯ на ЗАПИСА
Създаване/Редакция Създаване
Дата на регистрацията/редакция 17.03.2015
Статус, дата на статуса 17.03.2015 - от С1,Р / 17.03.2015
Служител, извършил регистрацията/редакцията Любка_Николова
944 ## - СЪЗДАВАНЕ И РЕДАКЦИЯ на ЗАПИСА
Създаване/Редакция Редакция
Дата на регистрацията/редакция 17.03.2015
Статус, дата на статуса 17.03.2015 - от С1,Р / 17.03.2015
Служител, извършил регистрацията/редакцията
999 ## - СИСТЕМНИ КОНТРОЛНИ НОМЕРА
Koha biblionumber 165592
Koha biblioitemnumber 165592
Наличности
Код за отписване Код за изгубен артикул Източник на класификационната схема Код за повреда Коз за рестрикции Код за отдаване Артикулен № Име на библиотеката - собственик Име на библиотеката, в която се намира в момента Статус (Текущо местоположение) Дата на вписване в системата Местоположение - отдел Цена в лева Инвентарен номер Систематично азбучна сигнатура Баркод Номер на екземпляра Цена в евро Служебна бележка Служебен тип на артикула
Изтеглен Не е изгубен Universal Decimal Classification Не е повреден без рестрикции заемане за дома 279264 Регионална библиотека "Любен Каравелов" Русе Регионална библиотека "Любен Каравелов" Русе Заемна - подръчен фонд 1980-01-01 Заемна - подръчен фонд 1.20 307744 П 343/З 50 307744 1 0.61 N: стар фонд Дата: 01.01.1980 Книги
Изтеглен Не е изгубен Universal Decimal Classification Не е повреден без рестрикции заемане за дома 279265 Регионална библиотека "Любен Каравелов" Русе Регионална библиотека "Любен Каравелов" Русе Заемна - подръчен фонд 1980-01-01 Заемна - подръчен фонд 0.00 307745 П 343/З 50 307745 2 0.00 N: стар фонд Дата: 01.01.1980 Дата инв: 13.03.2015 Бележки инв: П2015 Книги
Изтеглен Не е изгубен Universal Decimal Classification Не е повреден без рестрикции заемане за дома 279266 Регионална библиотека "Любен Каравелов" Русе Регионална библиотека "Любен Каравелов" Русе Заемна - подръчен фонд 1980-01-01 Заемна - подръчен фонд 1.20 307748 П 343/З 50 307748 3 0.61 N: стар фонд Дата: 01.01.1980 Дата инв: 21.03.2018 Бележки инв: П2018 Книги
Изтеглен Не е изгубен Universal Decimal Classification Не е повреден без рестрикции заемане за дома 279267 Регионална библиотека "Любен Каравелов" Русе Регионална библиотека "Любен Каравелов" Русе Заемна - подръчен фонд 1980-01-01 Заемна - подръчен фонд 1.20 307753 П 343/З 50 307753 4 0.61 N: стар фонд Дата: 01.01.1980 Книги
  Не е изгубен Universal Decimal Classification Не е повреден само за читалня ползва се в читалня 793778 Регионална библиотека "Любен Каравелов" Русе Регионална библиотека "Любен Каравелов" Русе Хранилище 2020-08-25 Хранилище 1.20 308317 Цб І 18201 120000308317   0.61   Книги
Vip Innovations Ltd, Rousse, Bulgaria 2025